MS Office 2000 / (Record no. 63032)

MARC details
000 -LEADER
fixed length control field 00455nam a22001577a 4500
005 - DATE AND TIME OF LATEST TRANSACTION
control field 20181122152122.0
020 ## - INTERNATIONAL STANDARD BOOK NUMBER
International Standard Book Number 8188153004
Terms of availability 00.00
035 ## - SYSTEM CONTROL NUMBER
System control number B-108535, B-108556,B-108560, B-108551
037 ## - SOURCE OF ACQUISITION
Stock number DPL
Source of stock number/acquisition ENG
100 ## - MAIN ENTRY--PERSONAL NAME
Personal name Gupta, R
245 ## - TITLE STATEMENT
Title MS Office 2000 /
Statement of responsibility, etc by R. Gupta
260 ## - PUBLICATION, DISTRIBUTION, ETC. (IMPRINT)
Place of publication, distribution, etc Delhi
Name of publisher, distributor, etc Nipun Publications
Date of publication, distribution, etc 2005
300 ## - PHYSICAL DESCRIPTION
Extent 247p.
Dimensions 22 cms.
942 ## - ADDED ENTRY ELEMENTS (KOHA)
Source of classification or shelving scheme Dewey Decimal Classification
Item type English Books
Classification part 005.3
Call number suffix GUP
Holdings
Withdrawn status Lost status Not for loan Collection code Home library Current library Date acquired Cost, normal purchase price Full call number Barcode Cost, replacement price Koha item type Copy number Source of acquisition
      Non-fiction R.C.Libraries (zls) R.C.Libraries (zls) 30/10/2018 95.00 005.3 GUP B-108556 95.00 English Books 1  
      Non-fiction R.C.Libraries (zls) R.C.Libraries (zls) 31/10/2018 95.00 005.3 GUP B-108560 95.00 English Books 1  
      Non-fiction Sarojini Nagar Sarojini Nagar 16/02/2012 0.00 005.3 GUP B-108535 0.00 English Books    
        Sarojini Nagar Sarojini Nagar 02/11/2023   005.3 GUP B-108540   English Books    
      Non-fiction Vigyan Vihar Vigyan Vihar 22/11/2018 0.00 005.3 GUP B -108551 0.00 English Books   BPPD/PUB

© Delhi Public Library
Hit Counter
free hit counter